| 000 | 01024nam a22003017a 4500 | ||
|---|---|---|---|
| 001 | 7046 | ||
| 003 | FISKH | ||
| 005 | 20250619110706.0 | ||
| 008 | 250619b cb ||||| |||| 00| 0 eng d | ||
| 020 | _a043910629X | ||
| 040 |
_aFISKH _beng _cFISKH _dFISKH |
||
| 050 | _aPZ7.S1185 M | ||
| 082 | _a813.54 | ||
| 100 |
_aSachar, Louis _d(1954-) |
||
| 245 |
_aMarvin redpost : _bAlone in his teacher's house / _cBy Louis Sachar ; Illustrated by Barbara Sullivan |
||
| 250 | _aThis edition first published in 1999 | ||
| 260 |
_aNew York : _bScholastic, _c1994 |
||
| 300 |
_a83 pages : _billustrations ; _c20 cm |
||
| 505 | _aN | ||
| 520 | _aMarvin is pleased when his teacher asks him to take care of her dog while she's away, but he soon finds that there's more pressure involved than he likes. | ||
| 521 | 8 |
_a560
_bLexile |
|
| 521 | 8 |
_aN
_bRaz-Plus |
|
| 650 |
_2Children's _aRealistic fiction |
||
| 650 |
_2School _aSeries |
||
| 700 |
_aSullivan, Barbara _dillustrator |
||
| 942 |
_2ddc _cBK _n0 |
||
| 999 |
_c7046 _d7046 |
||